书目信息 |
| 题名: |
商务英语专题写作
|
|
| 作者: | 李小飞 主编 | |
| 分册: | ||
| 出版信息: | 北京 中国商务出版社 2004.08 |
|
| 页数: | 433页 | |
| 开本: | 23cm | |
| 丛书名: | 全国高等院校国际商务英语统编教材 | |
| 单 册: | ||
| 中图分类: | H315 | |
| 科图分类: | ||
| 主题词: | 商务--shang wu--英语--写作--高等学校--教材 | |
| 电子资源: | ||
| ISBN: | 7-80181-278-6 | |
| 000 | 00976nam 2200277 450 | |
| 001 | CAL 012004137752 | |
| 005 | 20060606105850.43 | |
| 010 | @a7-80181-278-6@dCNY 43.00 | |
| 099 | @aCAL 012004137752 | |
| 100 | @a20041210d2004 em y0chiy0121 ea | |
| 101 | 0 | @achi@aeng |
| 102 | @aCN@b110000 | |
| 200 | 1 | @a商务英语专题写作@Ashang wu ying yu zhuan ti xie zuo@f李小飞主编@Fli xiao fei zhu bian |
| 210 | @a北京@c中国商务出版社@d2004.08 | |
| 215 | @a433页@c图@d23cm | |
| 225 | 2 | @a全国高等院校国际商务英语统编教材@Aquan guo gao deng yuan jiao guo ji shang wu ying yu tong bian jiao cai |
| 312 | @a并列题名取自封面 | |
| 320 | @a有书目 (第430-433页) | |
| 410 | 0 | @12001 @a全国高等院校国际商务英语统编教材 |
| 510 | 1 | @aBusiness English writing on special subjects@zeng |
| 606 | 0 | @a商务@Ashang wu@x英语@x写作@x高等学校@j教材 |
| 690 | @aH315@v4 | |
| 701 | 0 | @a李小飞@Ali xiao fei@4主编 |
| 801 | 0 | @aCN@bFDU@c20060606 |
| 905 | @dH315@eL291 | |
| 906 | @dCNY 43.00@n3@r1 | |
| 商务英语专题写作/李小飞主编.-北京:中国商务出版社,2004.08 |
| 433页:图;23cm.-(全国高等院校国际商务英语统编教材) |
| ISBN 7-80181-278-6:CNY 43.00 |
| ● |
| 相关链接 |
|
|
|
正题名:商务英语专题写作
索取号:H315/L291
 
预约/预借
| 序号 | 登录号 | 条形码 | 馆藏地/架位号 | 状态 | 备注 |
| 1 | 606716 | 206067165 | 语言库209/209语言库 37排2列2层/ [索取号:H315/L291] | 在馆 | |
| 2 | 606717 | 206067174 | 语言库209/209语言库 37排2列2层/ [索取号:H315/L291] | 在馆 |